Giáo trình tiếng Anh chuyên ngành

Na minha lista:
Detalhes bibliográficos
Autor principal: Cao, Xuân Thiều
Formato: Livro
Publicado em: Hà Nội Tài chính 2008
Assuntos:
Tags: Adicionar Tag
Sem tags, seja o primeiro a adicionar uma tag!
Thư viện lưu trữ: Trung tâm Học liệu Lê Vũ Hùng, Trường Đại học Đồng Tháp
LEADER 00804pam a22002418a 4500
001 00038839
005 20210310130306.0
008 170517s2008 ||||||Viesd
041 0 # |a Vie 
082 1 4 |a 428  |b GI108TR 
100 1 # |a Cao, Xuân Thiều 
245 1 0 |a Giáo trình tiếng Anh chuyên ngành  |c Cao Xuân Thiều 
246 0 1 |a english in finance 
260 # # |a Hà Nội  |c 2008  |b Tài chính 
300 # # |a 163tr.  |c 21cm. 
653 # # |a Giáo trình 
653 # # |a chuyên ngành 
653 # # |a tiếng Anh 
852 # # |b Kho mượn  |j KGT.0052818 
852 # # |b Kho đọc  |j KD.0021446 
852 # # |j KGT.0052818  |j KD.0021446 
910 # # |d 17/05/2017  |a dtchanh  |d 10/03/2021  |e ltkchi  |f 10/03/2021 
980 # # |a Trung tâm Học liệu Lê Vũ Hùng, Trường Đại học Đồng Tháp